000 00788cab a2200229 4500
001 ABS43708
008 090401t1990 xxu||||| |||| 00| 0 eng d
035 _a(Sirsi) u43122
041 _aeng
100 _aBingham, T.
245 _aPay direct clauses save an architect from a bloody nose
260 _c1990
350 _a0
490 _aBuilding
_v255 (7673) 16 November 1990, 45 (1)
520 _aDiscusses insolvency problems where the main contractor goes into liquidation and the question of payment to subcontractor . Promotes the idea of pay direct clauses in building contracts .
650 _aGC/WORKS/1 EDITION 2
650 _aJCT STANDARD FORM OF BUILDING CONTRACT (1980 EDITION)
650 _aNSC CONTRACTS
690 _aLAW
942 _n0
948 _c04/03/1997
999 _c27572
_d27572